Catálogo
 En Linea

Igualdad de oportunidades y movilidad social en el sistema educativo dominicano / (Registro nro. 46059)

Detalles MARC
000 -CABECERA
campo de control de longitud fija 01234nam a2200313 a 4500
001 - NÚMERO DE CONTROL
campo de control 000046570
003 - IDENTIFICADOR DEL NÚMERO DE CONTROL
campo de control DO-SdBNP
005 - FECHA Y HORA DE LA ÚLTIMA TRANSACCIÓN
campo de control 20250123122253.0
006 - CÓDIGOS DE INFORMACIÓN DE LONGITUD FIJA--CARACTERÍSTICAS DEL MATERIAL ADICIONAL
campo de control de longitud fija a||||gr|||| 00| 0
007 - CAMPO FIJO DE DESCRIPCIÓN FÍSICA--INFORMACIÓN GENERAL
campo de control de longitud fija ta
008 - DATOS DE LONGITUD FIJA--INFORMACIÓN GENERAL
campo de control de longitud fija 150826s1990 dr 000 0 spa d
040 ## - FUENTE DE LA CATALOGACIÓN
Centro catalogador/agencia de origen DO-SdBNP
Lengua de catalogación spa
Centro/agencia transcriptor BNPHU
Normas de descripción rda
082 #4 - NÚMERO DE LA CLASIFICACIÓN DECIMAL DEWEY
Número de edición 22
Número de documento/Ítem S623o 1990.
100 1# - ENTRADA PRINCIPAL--NOMBRE DE PERSONA
Nombre de persona Fiallo Billini, José Antinoe
Fechas asociadas al nombre 1944-
Término indicativo de función/relación autor
9 (RLIN) 10159
245 00 - MENCIÓN DE TÍTULO
Título Igualdad de oportunidades y movilidad social en el sistema educativo dominicano /
Mención de responsabilidad, etc. José Antinoe Fiallo
250 ## - MENCIÓN DE EDICIÓN
Mención de edición 4a. edición
264 #1 - PRODUCCIÓN, PUBLICACIÓN, DISTRIBUCIÓN, FABRICACIÓN Y COPYRIGHT
Producción, publicación, distribución, fabricación y copyright Santo Domingo :
Nombre del de productor, editor, distribuidor, fabricante Plan Educativo
-- INTEC,
Fecha de producción, publicación, distribución, fabricación o copyright 1990
300 ## - DESCRIPCIÓN FÍSICA
Extensión 57 páginas ;
Dimensiones 21 cm.
336 ## - TIPO DE CONTENIDO
Fuente rdacontent
Término de tipo de contenido texto
Código de tipo de contenido txt
337 ## - TIPO DE MEDIO
Fuente rdamedia
Nombre/término del tipo de medio sin mediación
Código del tipo de medio n
338 ## - TIPO DE SOPORTE
Fuente rdacarrier
Nombre/término del tipo de soporte volumen
Código del tipo de soporte nc
490 ## - MENCIÓN DE SERIE
Mención de serie Plan educativo ;
Designación de volumen o secuencia 4
500 ## - NOTA GENERAL
Nota general Incluye notas al pie de las páginas.
505 ## - NOTA DE CONTENIDO CON FORMATO
Nota de contenido con formato Igualdad de oportunidades y movilidad social en el sistema educativo dominicano.--
Título Igualdad de Oportunidades y Movilidad Social en el Sistema Educativo Dominicano. /
Mención de responsabilidad Dr. José Antinoe fiallo / Dr. Alberto Fiallo.--
Título Resumen de discusión.
590 ## - NOTA LOCAL (RLIN)
Nota local Inventariado 2023 / MF
700 1# - PUNTO DE ACCESO ADICIONAL--NOMBRE DE PERSONA
Nombre de persona Fiallo, Alberto
Fechas asociadas al nombre 1864-
9 (RLIN) 23849
Término indicativo de función/relación autor
710 2# - PUNTO DE ACCESO ADICIONAL--NOMBRE DE ENTIDAD CORPORATIVA
Nombre de entidad corporativa o nombre de jurisdicción como elemento de entrada UNICEF
9 (RLIN) 83236
942 ## - ELEMENTOS DE PUNTO DE ACCESO ADICIONAL (KOHA)
Fuente del sistema de clasificación o colocación Dewey Decimal Classification
Tipo de ítem Koha Libro
Existencias
Estado de retiro Estado de pérdida Fuente del sistema de clasificación o colocación Restricciones de uso No para préstamo Código de colección Localización permanente Ubicación/localización actual Ubicación en estantería Fecha de adquisición Fuente de adquisición Total de préstamos Signatura topográfica completa Código de barras Fecha visto por última vez Precio válido a partir de Tipo de ítem Koha Número de copia
    Dewey Decimal Classification Excluido de préstamo   Patrimonio Dominicano Biblioteca Nacional Pedro Henríquez Ureña Biblioteca Nacional Pedro Henríquez Ureña En catalogación 26.06.2014 Donado por Chiqui Vicioso / Fidelio Despradel.   S623o 1990 46570-10 25.06.2020 25.06.2020 Libro  
    Dewey Decimal Classification Excluido de préstamo   Patrimonio Dominicano Biblioteca Nacional Pedro Henríquez Ureña Biblioteca Nacional Pedro Henríquez Ureña En catalogación 14.12.2014 Donado por Barbara Suncar   S623o 1990. 2023-8369 14.12.2023 14.12.2023 Libro e.2

Con tecnología Koha